| 000 | 01557nam a22004217a 4500 | ||
|---|---|---|---|
| 001 | 000095334 | ||
| 003 | CHAP | ||
| 005 | 20220329143105.0 | ||
| 008 | 060303d2005 mx r 00110 spa d | ||
| 010 | _a91800 | ||
| 011 | _a92772 | ||
| 035 | _a103338 | ||
| 040 | _cCHAP | ||
| 090 | _aTesis | ||
| 100 | 1 |
_aXochitiotzin Hernández, Maribel. _9122907 |
|
| 245 | 1 | 0 |
_aPrácticas agroforestales presentes en los diferentes sistemas de producción agrícola en el estado de Tlaxcala / _c/por Maribel Xochitiotzin Hernández. |
| 260 |
_aChapingo, Méx. : _bEl autor, _c2005. |
||
| 300 |
_a161 p. : _bilus. ; mapas. |
||
| 502 | _aTesis (M. C. en Ciencias Forestales) - - UACH. División de Ciencias Forestales | ||
| 590 |
_aALEPH _b10 _c20130110 _lUCH01 _h1509 |
||
| 590 |
_aBATCH-UPD _b10 _c20130110 _lUCH01 _h0729 |
||
| 590 |
_aBATCH-UPD _b10 _c20130410 _lUCH01 _h0412 |
||
| 590 |
_aBATCH-UPD _b10 _c20130913 _lUCH01 _h2212 |
||
| 590 |
_aBATCH-UPD _b10 _c20140324 _lUCH01 _h1454 |
||
| 590 |
_aBATCH-UPD _b10 _c20141002 _lUCH01 _h0829 |
||
| 590 |
_aCONVERSION _b10 _c20130109 _lUCH01 _h1351 |
||
| 590 |
_aE12093SGE _b10 _c20130605 _lUCH01 _h1326 |
||
| 650 | 1 | 4 |
_aAgricultura _zTlaxcala. _91939 |
| 650 | 1 | 4 |
_aAgroforestería. _92156 |
| 650 | 1 | 4 |
_aSistemas de producción. _9106767 |
| 856 |
_3Finding aid _uhttp://10.13.5.2/tesis/103338.pdf _zTeclea aquí |
||
| 901 | _aBK | ||
| 905 | _aLilia | ||
| 942 | _cCD | ||
| 942 | _n0 | ||
| 949 |
_aTesis _bBC _cTES _d33724000980926 _eTS2 _fc.2 _h44799 _i103338 _si |
||
| 949 |
_aTesis _bBC _cTES _d33724000980983 _eTS1 _h44798 _i103338 _sb |
||
| 999 |
_c91800 _d91800 |
||